000 00404nam a22001697a 4500
003 MPLRDC
005 20220104142520.0
008 210129b ||||| |||| 00| 0 eng d
082 _a857.4 LBY
100 _a李伯元
245 _a文明小史
_c
250 _a第一版
260 _a
_b香港今代图书公司
_c1958
300 _b
650 _a话本小说及章回
942 _cBK
_o857.4 LBY
999 _c31508
_d31498